000 00918nam a2200277Ia 4500
001 Z_6198
008 220601s9999 xx 000 0 und d
020 _a1-57808-244-7
082 _a631.45 H45
100 _aHellin, Jon
_953457
245 _aBetter land husbandry: from soil conservation to holistic land management / Jon Hellin
260 _aEstados Unidos de América: Science Publishers
300 _axiv, 315 p.
440 _aLand reconstruction and management; 4
_9183327
504 _aBibliografía: p. 268 - 309, incluye índice
650 _a1. Conservación de suelos
650 _aGestión de recursos del suelo
_9144111
650 _aSuelos - Fertilidad
650 _aerosión del suelo
_9144110
650 _acontrol de la erosión Ì
901 _a631.45 H45
902 _aM
905 _a5032272006 xxuadmn8000000300eng00
942 _c1
999 _c217089
_d217089